Du lonage de services su contrat de travail (Record no. 48983)

MARC details
000 -LEADER
campo de control de longitud fija 00541nam a2200145 i 4500
001 - NÚMERO DE CONTROL
campo de control 48983
003 - IDENTIFICADOR DE NÚMERO DE CONTROL
campo de control ES-MaACL
007 - CAMPO FIJO DE DESCRIPCIÓN FÍSICA--INFORMACIÓN GENERAL
campo de control de longitud fija t|
008 - DATOS DE LONGITUD FIJA--INFORMACIÓN GENERAL
campo de control de longitud fija 030703s1895 fr ||||1| fre d
100 1# - ENTRADA PRINCIPAL--NOMBRE DE PERSONA
Nombre de persona Cornil, Georges.
9 (RLIN) 40635
245 10 - MENCIÓN DEL TÍTULO
Título Du lonage de services su contrat de travail
Resto del título : etude sur les rapports juridiques entre les patrons et les onorieres employés dans l'industrie /
Mención de responsabilidad, etc. par Georges Cornil.
260 ## - PUBLICACIÓN, DISTRIBUCIÓN, ETC.
Lugar de publicación, distribución, etc. Paris :
Nombre del editor, distribuidor, etc. [s.n.],
Fecha de publicación, distribución, etc. 1895 (
Lugar de fabricación/manufactura Chatillon sur Seine :
Fabricante Pichat et Pepin)
300 ## - DESCRIPCIÓN FÍSICA
Extensión XI, 408 p. ;
Dimensiones 22 cm.
852 ## - LOCALIZACIÓN
Ubicación ES-MaACL
Número de control de estantería B-2332
Holdings
Estatus retirado Estado de pérdida Estado de daño No para préstamo Colección Biblioteca de origen Biblioteca actual Ubicación en estantería Fecha de adquisición Fuente de adquisición Total de préstamos Signatura topográfica completa Código de barras Visto por última vez Precio de reemplazo Tipo de ítem Koha
        Libros del s. XIX Biblioteca del Ateneo de Madrid Biblioteca del Ateneo de Madrid Sala Pardo Bazán 17/01/2008     B-2332 1051549 23/02/2023 23/02/2023 Libro impreso antiguo